| 000 | 01970cam a2200481 i 4500 | ||
|---|---|---|---|
| 001 | on1086485174 | ||
| 003 | OCoLC | ||
| 005 | 20220406140913.0 | ||
| 008 | 190404s2019 nyu d 000 1 eng | ||
| 010 | _a 2019013491 | ||
| 020 |
_a9781101939406 _q(hardback) |
||
| 020 | _a1101939400 | ||
| 020 |
_a9781101939413 _q(glb) |
||
| 020 | _a1101939419 | ||
| 020 |
_z9781101939420 _q(ebook) |
||
| 035 |
_a(OCoLC)1086485174 _z(OCoLC)1086494793 _z(OCoLC)1126278770 |
||
| 040 |
_aDLC _beng _erda _cDLC _dYDX _dBDX _dUAP _dVP@ _dCHY _dILC _dOCLCF _dEHH _dCNCAR _dTXENN _dANK _dDLC _dOCLCO _dUIU _dOCL |
||
| 042 |
_alcac _apcc |
||
| 050 | 0 | 0 |
_aPZ7.S4533 _bOtf 2019 |
| 082 | 0 | 0 |
_a[Fic] _223 |
| 092 |
_ayoung adult fiction _bSegel |
||
| 100 | 1 |
_aSegel, Jason, _d1980- _eauthor. _95763805 |
|
| 245 | 1 | 0 |
_aOtherLife / _cJason Segel, Kirsten Miller. |
| 246 | 3 | _aOther life | |
| 250 | _aFirst edition. | ||
| 264 | 1 |
_aNew York : _bDelacorte Press, _c[2019] |
|
| 300 |
_a298 pages ; _c22 cm. |
||
| 336 | _atext | ||
| 337 | _aunmediated | ||
| 338 | _avolume | ||
| 490 |
_aLast Reality : _v3 |
||
| 500 | _aSequel to: Otherworld & OtherEarth. | ||
| 500 | _a"New York Times bestselling authors"--Dust jacket. | ||
| 520 | _a"Simon, Kat, Busara, and Elvis know too much about the Company's dark secrets and the real-life consequences its technology is capable of. To save humanity and shut it down forever though, Simon must first survive the most harrowing trial yet--OtherLife--the next phase of gaming, and a complete reality reboot"-- | ||
| 583 |
_acat _bsampler _c20201207 _kkjw _5UPB |
||
| 650 | 0 |
_aVirtual reality _vJuvenile fiction. _95706275 |
|
| 650 | 0 |
_aInternet games _vJuvenile fiction. _95706276 |
|
| 650 | 0 |
_aBest friends _vJuvenile fiction. _95673646 |
|
| 650 | 0 |
_aConduct of life _vJuvenile fiction. _95675513 |
|
| 655 | 0 | _aYoung adult fiction. | |
| 700 | 1 |
_aMiller, Kirsten, _d1973- _eauthor. _95905285 |
|
| 942 |
_2ddc _cBOOK |
||
| 999 |
_c372168 _d372168 |
||